| 000 | 01095nam a22002537a 4500 | ||
|---|---|---|---|
| 005 | 20170124103100.0 | ||
| 010 | _aA-983669 | ||
| 020 | _c00.00 | ||
| 035 | _aA-983669 | ||
| 037 | _bCen Lib/Ret | ||
| 040 |
_aDPL _bHN |
||
| 082 |
_aक _bकमले |
||
| 100 |
_aकमलेश्वर _976679 |
||
| 245 |
_aअमेरिकी लेखिकाएं आधुनिक कहानियां / _cकमलेश्वर |
||
| 246 |
_aAmeriki lekhikayen adhunik kahaniyan _bby Kamleshwar |
||
| 260 |
_aदिल्ली _bभारतीय प्रकाशन संस्थान |
||
| 270 |
_aix-221, मेन बाज़ार गाँधी नगर _b दिल्ली _e110031 |
||
| 300 |
_a279पृष्ठ. : _c21सेमी(सजिल्द) _bचित्र. |
||
| 650 |
_aहिंदी साहित्य _976680 |
||
| 650 |
_aहिंदी अनुवादित कहानियां _97057 |
||
| 650 |
_aHindi literature _976681 |
||
| 650 |
_ahindi Translated Stories _976682 |
||
| 942 |
_2ddc _cHN _hक _mकमले |
||
| 999 |
_c117760 _d117760 |
||